Building Societies (Record no. 16218)

MARC details
000 -LEADER
fixed length control field 00854cab a2200205 4500
001 - CONTROL NUMBER
control field WB2517-26
008 - FIXED-LENGTH DATA ELEMENTS--GENERAL INFORMATION
fixed length control field 090401t1989 xxu||||| |||| 00| 0 eng d
035 ## - SYSTEM CONTROL NUMBER
System control number (Sirsi) u24202
041 ## - LANGUAGE CODE
Language code of text/sound track or separate title eng
245 ## - TITLE STATEMENT
Title Building Societies
260 ## - PUBLICATION, DISTRIBUTION, ETC.
Date of publication, distribution, etc. 1989
350 ## - PRICE (NR) (BK AM CF MU VM SE) [OBSOLETE]
Price 0
490 ## - SERIES STATEMENT
Series statement Guardian
Volume/sequential designation 3/5/89 pp14-18(4) LOAN
520 ## - SUMMARY, ETC.
Summary, etc. Survey on building societies examines their diversification; law reform will enable societies to offer conveyancing services. Shows how the larger organisations are weathering the storm of a depressed housing market after last year`s heavy investment in estate agency chains. Looks at the correlation between high interest rates and repossessions and includes a section on securitisation .
650 ## - SUBJECT ADDED ENTRY--TOPICAL TERM
Topical term or geographic name entry element ABBEY NATIONAL
650 ## - SUBJECT ADDED ENTRY--TOPICAL TERM
Topical term or geographic name entry element FLOTATION
690 ## - LOCAL SUBJECT ADDED ENTRY--TOPICAL TERM (OCLC, RLIN)
Topical term or geographic name as entry element PROPERTY LAW AND PRACTICE
942 ## - ADDED ENTRY ELEMENTS (KOHA)
Suppress in OPAC 0
948 ## - LOCAL PROCESSING INFORMATION (OCLC); SERIES PART DESIGNATOR (RLIN)
c (OCLC) 04/03/1997
Holdings
Withdrawn status Lost status Source of classification or shelving scheme Damaged status Not for loan Home library Current library Shelving location Date acquired Total Checkouts Full call number Barcode Date last seen Copy number Price effective from Koha item type
    Dewey Decimal Classification     London London News article 21/08/1991   WB2517-26 30023215 06/08/2019 1 06/08/2019 News article
    Dewey Decimal Classification     London London News article 21/08/1991   WB2517-26 30023219 06/08/2019 2 06/08/2019 News article